000 00709nam a2200241Ia 4500
003 OSt
005 20220918194346.0
006 a|||||r|||| 00| 0
007 ta
008 220917b |||||||| |||| 00| 0 eng d
024 _a78,983
037 _cTextual
040 _aARTS
_cARTS
_beng
041 _2eng
_aeng
082 _aS:31p1,N67, M0
110 _aInternational Symposium On Attention And Performance, 1976 (France)
_984541
245 0 _aProceedings, ed by Raymond S Nickerson
260 _c1980
650 _aPSYCHOLOGY
700 _aInternational Symposium On Attention And Performance, 1976 (France)
_984542
942 _hS:31p1,N67, M0
_cTEXL
_2CC
999 _c202760
_d202760